[Event "GRE-chT 46th"]
[Site "Rio Achaia"]
[Date "2018.07.14"]
[Round "6.11"]
[White "Kokkota, Fotini"]
[Black "Petraki, Argiro"]
[Result "1/2-1/2"]
[WhiteElo "1615"]
[BlackElo "1729"]
[PlyCount "98"]
[EventDate "2018.07.10"]
[EventType "team"]
[EventRounds "7"]
[EventCountry "GRE"]
[SourceTitle "CBM 185 Extra"]
[Source "ChessBase"]
[SourceDate "2018.07.29"]
[SourceVersion "1"]
[SourceVersionDate "2018.07.29"]
[SourceQuality "1"]
[WhiteTeam "Portrait"]
[BlackTeam "Chania Kaissa"]
[WhiteTeamCountry "GRE"]
[BlackTeamCountry "GRE"]

1. e4 c5 2. Nf3 Nc6 3. d4 cxd4 4. Nxd4 g6 5. c4 Bg7 6. Be3 Nf6 7. Nc3 0-0 8. Be2 d6 9. 0-0 Bd7 10. Qd2 Nxd4 11. Bxd4 Bc6 12. f3 a5 13. b3 Nd7 14. Be3 Nc5 15. Rab1 Qb6 16. Rfc1 Rfc8 17. Kh1 Qb4 18. Nd5 Bxd5 19. exd5 Qxd2 20. Bxd2 e5 21. a3 a4 22. bxa4 Rxa4 23. Bb4 Ra7 24. Bxc5 Rxc5 25. Bd1 Rxa3 26. Rxb7 Bh6 27. Rcb1 Rxc4 28. R7b2 Rac3 29. Kg1 Rd4 30. Bb3 Bc1 31. Re2 Rdd3 32. Ba2 f5 33. Kf1 Kg7 34. Re1 Be3 35. Rb2 f4 36. Ke2 Bc1 37. Rxc1 Re3+ 38. Kd1 Ra3 39. Bb1 g5 40. h3 h5 41. Rc7+ Kf6 42. Rb6 e4 43. Bxe4 Ra1+ 44. Rc1 Ra2 45. Rxd6+ Ke5 46. Re6+ Kd4 47. d6 Rxg2 48. d7 Rg1+ 49. Kc2 Rg2+ 1/2-1/2

[Event "GRE-chT 46th"]
[Site "Rio Achaia"]
[Date "2018.07.12"]
[Round "4.7"]
[White "Grafakou, Sotiria Aphrodite"]
[Black "Kokkota, Fotini"]
[Result "0-1"]
[WhiteElo "1617"]
[BlackElo "1615"]
[PlyCount "54"]
[EventDate "2018.07.10"]
[EventType "team"]
[EventRounds "7"]
[EventCountry "GRE"]
[SourceTitle "CBM 185 Extra"]
[Source "ChessBase"]
[SourceDate "2018.07.29"]
[SourceVersion "1"]
[SourceVersionDate "2018.07.29"]
[SourceQuality "1"]
[WhiteTeam "Heraklion Contact"]
[BlackTeam "Portrait"]
[WhiteTeamCountry "GRE"]
[BlackTeamCountry "GRE"]

1. d4 d5 2. c4 e6 3. Nc3 Nf6 4. Nf3 Be7 5. e3 0-0 6. Bd3 dxc4 7. Bxc4 a6 8. 0-0 b5 9. Bd3 c5 10. dxc5 Bxc5 11. b3 Bb7 12. Bb2 Nbd7 13. Rc1 Qb6 14. Ng5 Bxe3 15. Nce4 Nxe4 16. Bxe4 Bxg5 17. Bd4 Qd6 18. Bxb7 Bxc1 19. Bxa8 Rxa8 20. Qxc1 Qxd4 21. Rd1 Qa7 22. Qc6 Nf8 23. h3 h6 24. Rd2 Rb8 25. Rd1 Qb6 26. Qe4 Qc5 27. Qd3 Ng6 0-1

[Event "GRE-chT Schools Lykeia 16th"]
[Site "Peristeri"]
[Date "2018.03.31"]
[Round "6.4"]
[White "Kokkota, Fotini"]
[Black "Grafakou, Sotiria Aphrodite"]
[Result "1/2-1/2"]
[WhiteElo "1615"]
[BlackElo "1686"]
[PlyCount "68"]
[EventDate "2018.03.31"]
[EventType "team-swiss (rapid)"]
[EventRounds "6"]
[EventCountry "GRE"]
[SourceTitle "EXT 2019"]
[Source "ChessBase"]
[SourceDate "2018.10.10"]
[SourceVersion "1"]
[SourceVersionDate "2018.10.10"]
[SourceQuality "1"]

1. e4 c5 2. Nf3 Nc6 3. d4 cxd4 4. Nxd4 g6 5. c4 Bg7 6. Be3 Nf6 7. Nc3 0-0 8. Be2 d6 9. 0-0 Bd7 10. f4 Nxd4 11. Bxd4 Bc6 12. Bf3 Nd7 13. Bxg7 Kxg7 14. Qd4+ Kg8 15. Kh1 Qb6 16. Qd2 Nf6 17. b3 a6 18. Rae1 Rad8 19. Nd5 Bxd5 20. exd5 Qc7 21. Bd1 b5 22. Qd3 bxc4 23. bxc4 Rc8 24. Bb3 Qd7 25. f5 Kg7 26. Re2 Ng4 27. Qd4+ Ne5 28. Ref2 f6 29. Qh4 g5 30. Qd4 Qc7 31. Rc2 h6 32. Rfc1 Qc5 33. Qe4 Rfd8 34. Rc3 Rf8 1/2-1/2

[Event "GRE-chT 45th"]
[Site "Achaia"]
[Date "2017.07.04"]
[Round "3.9"]
[White "Kokkota, Fotini"]
[Black "Kratimenou, Georgia"]
[Result "1-0"]
[WhiteElo "1612"]
[BlackElo "1240"]
[PlyCount "83"]
[EventDate "2017.07.03"]
[EventType "team-swiss"]
[EventRounds "7"]
[EventCountry "GRE"]
[SourceTitle "CBM 179 Extra"]
[Source "ChessBase"]
[SourceDate "2017.08.23"]
[SourceVersion "1"]
[SourceVersionDate "2017.08.23"]
[SourceQuality "1"]
[WhiteTeam "Korinthias Argonaftis"]
[BlackTeam "Panionios GA"]
[WhiteTeamCountry "GRE"]
[BlackTeamCountry "GRE"]

1. e4 c5 2. Nf3 d6 3. d4 cxd4 4. Nxd4 Nf6 5. Nc3 g6 6. Be3 Bg7 7. Bc4 Ng4 8. Bb5+ Kf8 9. Qd2 Nxe3 10. Qxe3 a6 11. Bc4 Nc6 12. Nde2 Qa5 13. 0-0 Qc5 14. Qxc5 dxc5 15. Bd5 Nb4 16. Rad1 e6 17. Bb3 Ke7 18. f4 Nc6 19. e5 Bd7 20. Na4 Rhd8 21. Nxc5 Na5 22. Nd4 Rac8 23. Nxd7 Rxd7 24. c3 Nxb3 25. Nxb3 Rxd1 26. Rxd1 Bf8 27. Kf2 Ke8 28. Ke3 Be7 29. Ke4 Rc4+ 30. Rd4 Rc7 31. g4 f5+ 32. exf6 Bxf6 33. Rd6 Re7 34. Nc5 Kf7 35. Rb6 Bh4 36. Rxb7 Rxb7 37. Nxb7 Bf2 38. Ke5 Bb6 39. c4 Bc7+ 40. Nd6+ Ke7 41. c5 Kf8 42. Kxe6 1-0

[Event "GRE-chT 44th"]
[Site "Achaia"]
[Date "2016.07.10"]
[Round "7.7"]
[White "Nikolaidou, Maria"]
[Black "Kokkota, Fotini"]
[Result "0-1"]
[WhiteElo "1249"]
[BlackElo "1583"]
[PlyCount "38"]
[EventDate "2016.07.05"]
[EventType "team-swiss"]
[EventRounds "7"]
[EventCountry "GRE"]
[SourceTitle "CBM 173 Extra"]
[Source "ChessBase"]
[SourceDate "2016.08.29"]
[SourceVersion "1"]
[SourceVersionDate "2016.08.29"]
[SourceQuality "1"]
[WhiteTeam "Chania Kaissa"]
[BlackTeam "Corinth Argonaftis"]
[WhiteTeamCountry "GRE"]
[BlackTeamCountry "GRE"]

1. d4 d5 2. Nc3 Nf6 3. Bg5 e6 4. Qd2 c5 5. f3 Nbd7 6. 0-0-0 a6 7. a4 c4 8. e4 Be7 9. h4 b5 10. e5 Ng8 11. Nh3 h6 12. Bxe7 Nxe7 13. Nf4 Qa5 14. b4 Qxb4 15. Nh5 Qa3+ 16. Kb1 bxa4 17. Nxg7+ Kf8 18. Nxe6+ fxe6 19. Qf4+ Ke8 0-1

[Event "GRE-chT 44th"]
[Site "Achaia"]
[Date "2016.07.08"]
[Round "5.6"]
[White "Kokkota, Fotini"]
[Black "Anthopoulou, Ioanna"]
[Result "1-0"]
[WhiteElo "1583"]
[BlackElo "1376"]
[PlyCount "49"]
[EventDate "2016.07.05"]
[EventType "team-swiss"]
[EventRounds "7"]
[EventCountry "GRE"]
[SourceTitle "CBM 173 Extra"]
[Source "ChessBase"]
[SourceDate "2016.08.29"]
[SourceVersion "1"]
[SourceVersionDate "2016.08.29"]
[SourceQuality "1"]
[WhiteTeam "Corinth Argonaftis"]
[BlackTeam "Papagou DP"]
[WhiteTeamCountry "GRE"]
[BlackTeamCountry "GRE"]

1. e4 e5 2. Nf3 Nc6 3. Bc4 Bc5 4. 0-0 Nf6 5. d4 Nxd4 6. Nxe5 0-0 7. Be3 d6 8. Nxf7 Rxf7 9. Bxf7+ Kxf7 10. Bxd4 Bxd4 11. Qxd4 Be6 12. Nc3 Kg8 13. Rad1 Qe7 14. Rfe1 Qf7 15. a3 a6 16. h3 Rf8 17. Re3 Nh5 18. Rf3 Nf4 19. Qe3 Bc4 20. b3 Be6 21. Kh2 h6 22. g3 Nd5 23. Rxf7 Nxe3 24. Rxf8+ Kxf8 25. fxe3 1-0

[Event "GRE-chT 44th"]
[Site "Achaia"]
[Date "2016.07.05"]
[Round "1.6"]
[White "Kokkota, Fotini"]
[Black "Ioannides Liu, Lian"]
[Result "1-0"]
[WhiteElo "1583"]
[BlackElo "1289"]
[PlyCount "47"]
[EventDate "2016.07.05"]
[EventType "team-swiss"]
[EventRounds "7"]
[EventCountry "GRE"]
[SourceTitle "CBM 173 Extra"]
[Source "ChessBase"]
[SourceDate "2016.08.29"]
[SourceVersion "1"]
[SourceVersionDate "2016.08.29"]
[SourceQuality "1"]
[WhiteTeam "Corinth Argonaftis"]
[BlackTeam "Kifisias AO"]
[WhiteTeamCountry "GRE"]
[BlackTeamCountry "GRE"]

1. e4 c5 2. Nf3 g6 3. c4 Bg7 4. d4 cxd4 5. Nxd4 d6 6. Be3 Nf6 7. Nc3 0-0 8. Be2 b6 9. f4 Bb7 10. Bf3 Nc6 11. 0-0 Nd7 12. Rc1 Rc8 13. b3 e5 14. Ndb5 Rb8 15. Nxd6 Bh6 16. Qd2 Qh4 17. Nxb7 Rxb7 18. Nd5 Bg7 19. fxe5 Bxe5 20. g3 Qd8 21. Bg2 Qb8 22. Kh1 a5 23. Bh3 f6 24. Bxd7 1-0

[Event "GRE-chT 43rd"]
[Site "Porto Rio"]
[Date "2015.10.12"]
[Round "7.1"]
[White "Pournara, Stavroula"]
[Black "Kokkota, Fotini"]
[Result "0-1"]
[WhiteElo "1283"]
[BlackElo "1590"]
[PlyCount "102"]
[EventDate "2015.10.08"]
[EventType "team-swiss"]
[EventRounds "7"]
[EventCountry "GRE"]
[SourceTitle "CBM 168 Extra"]
[Source "ChessBase"]
[SourceDate "2015.10.29"]
[SourceVersion "1"]
[SourceVersionDate "2015.10.29"]
[SourceQuality "1"]
[WhiteTeam "Panionios GSS"]
[BlackTeam "Peristeriou"]
[WhiteTeamCountry "GRE"]
[BlackTeamCountry "GRE"]

1. d4 d5 2. c4 c6 3. cxd5 cxd5 4. Bf4 Bf5 5. Nc3 Nf6 6. e3 a6 7. Bd3 Bxd3 8. Qxd3 e6 9. Nge2 Bd6 10. Rc1 0-0 11. Qc2 Bxf4 12. Nxf4 Qd6 13. Qb3 Nbd7 14. f3 Rfe8 15. 0-0 Nb6 16. Nd3 Nc4 17. Rfe1 b6 18. Rcd1 Rac8 19. a3 e5 20. dxe5 Nxe5 21. Nxe5 Rxe5 22. e4 Qc5+ 23. Kf1 dxe4 24. Nxe4 Nxe4 25. Rxe4 Rxe4 26. fxe4 h6 27. Qd5 Qc2 28. Qd3 Qxb2 29. Qxa6 Rc2 30. Qa8+ Kh7 31. e5 Qxe5 32. Qf3 Rc3 33. Qxf7 Rxa3 34. Re1 Qb5+ 35. Kg1 Qc5+ 36. Qf2 Qxf2+ 37. Kxf2 Rb3 38. Re3 Rxe3 39. Kxe3 Kg6 40. Kd4 Kf5 41. Kd5 g5 42. Kc6 g4 43. Kxb6 g3 44. h4 Kf4 45. Kc5 Ke3 46. Kd5 Kf2 47. Ke5 Kxg2 48. Kf5 Kh3 49. h5 g2 50. Kg6 g1Q+ 51. Kxh6 Qg4 0-1

[Event "GRE-chT 43rd"]
[Site "Porto Rio"]
[Date "2015.10.08"]
[Round "1.1"]
[White "Petraki, Argiro"]
[Black "Kokkota, Fotini"]
[Result "0-1"]
[WhiteElo "1463"]
[BlackElo "1590"]
[PlyCount "138"]
[EventDate "2015.10.08"]
[EventType "team-swiss"]
[EventRounds "7"]
[EventCountry "GRE"]
[SourceTitle "CBM 168 Extra"]
[Source "ChessBase"]
[SourceDate "2015.10.29"]
[SourceVersion "1"]
[SourceVersionDate "2015.10.29"]
[SourceQuality "1"]
[WhiteTeam "Chania Kaissa"]
[BlackTeam "Peristeriou"]
[WhiteTeamCountry "GRE"]
[BlackTeamCountry "GRE"]

1. e4 c5 2. Nf3 d6 3. d4 cxd4 4. Nxd4 Nf6 5. Nc3 a6 6. h3 e6 7. g4 d5 8. Bg2 Bb4 9. Nde2 Nxe4 10. Bxe4 dxe4 11. Qxd8+ Kxd8 12. a3 Ba5 13. b4 Bb6 14. Nxe4 Ke7 15. Bb2 f6 16. N2g3 Bd7 17. 0-0-0 Bc6 18. Rhe1 Nd7 19. Nd6 g6 20. Nde4 Rhf8 21. c4 Bc7 22. c5 b6 23. cxb6 Bxb6 24. f4 Ba4 25. Rd2 Bc7 26. Rf2 a5 27. Bc3 Rac8 28. Kb1 Bb6 29. Rfe2 Bb5 30. Rb2 Bd3+ 31. Ka1 Bxe4 32. Nxe4 f5 33. Nc5 Nxc5 34. bxc5 Bxc5 35. Rb7+ Kd6 36. Bxa5 fxg4 37. hxg4 Rxf4 38. Rxh7 Bxa3 39. Rd1+ Kc6 40. Ka2 Bc5 41. g5 Ra4+ 42. Kb3 Rxa5 43. Rg7 Rb8+ 44. Kc2 Ra2+ 45. Kc3 Bb4+ 46. Kc4 Rc2+ 47. Kd3 Rc5 48. Rg1 Rd8+ 49. Ke2 Re5+ 50. Kf3 Rf8+ 51. Kg4 Bc5 52. Rg2 Re4+ 53. Kh3 Bd6 54. Rc2+ Kd5 55. Rxg6 Rf3+ 56. Kg2 Rg3+ 57. Kf2 Rh3 58. Rd2+ Ke5 59. Kg2 Rhe3 60. Rg8 Re2+ 61. Rxe2 Rxe2+ 62. Kf3 Re4 63. g6 Rf4+ 64. Kg3 Kf6 65. Kh3 Rf5 66. Kh4 Rg5 67. Rd8 Bg3+ 68. Kh3 Rxg6 69. Rd3 Bf4 0-1

[Event "GRE-ch U16 Girls"]
[Site "Rio Achaia"]
[Date "2015.07.02"]
[Round "7.6"]
[White "Lemoni, Maria Ioanna"]
[Black "Kokkota, Fotini"]
[Result "1/2-1/2"]
[WhiteElo "1502"]
[BlackElo "1666"]
[PlyCount "87"]
[EventDate "2015.06.26"]
[EventType "swiss"]
[EventRounds "9"]
[EventCountry "GRE"]
[SourceTitle "EXT 2024"]
[Source "ChessBase"]
[SourceDate "2023.10.10"]
[SourceVersion "1"]
[SourceVersionDate "2023.10.10"]
[SourceQuality "1"]

1. d4 Nf6 2. Nf3 e6 3. c4 b6 4. Nc3 Ba6 5. e4 Bb7 6. e5 Ne4 7. Nxe4 Bxe4 8. a3 Be7 9. Bd3 Bxd3 10. Qxd3 0-0 11. Qe4 Nc6 12. 0-0 d5 13. cxd5 Qxd5 14. Qxd5 exd5 15. Bd2 Nd8 16. b4 c5 17. bxc5 bxc5 18. dxc5 Bxc5 19. Bb4 Ne6 20. Bxc5 Nxc5 21. Rfd1 Rfd8 22. Nd4 a6 23. Nc6 Rd7 24. Rxd5 Rxd5 25. Ne7+ Kf8 26. Nxd5 Nd3 27. e6 fxe6 28. Nc7 Ra7 29. Nxe6+ Kf7 30. Nd4 Rd7 31. Nf3 Kf6 32. Rb1 Rd6 33. Kf1 Ne5 34. Nxe5 Kxe5 35. Re1+ Kf6 36. Ke2 Kf5 37. Rd1 Re6+ 38. Kf3 Kf6 39. Rd7 Kg6 40. g4 h6 41. h4 Kf6 42. Rd4 Rc6 43. a4 Ke5 44. Re4+ 1/2-1/2

[Event "GRE-ch U18 Girls"]
[Site "Kavala"]
[Date "2015.01.06"]
[Round "7"]
[White "Kokkota, Fotini"]
[Black "Pasoglou, Ekaterini"]
[Result "1/2-1/2"]
[WhiteElo "1649"]
[BlackElo "1646"]
[PlyCount "63"]
[EventDate "2015.01.02"]
[EventType "swiss"]
[EventRounds "9"]
[EventCountry "GRE"]
[SourceTitle "EXT 2024"]
[Source "ChessBase"]
[SourceDate "2023.10.10"]
[SourceVersion "1"]
[SourceVersionDate "2023.10.10"]
[SourceQuality "1"]

1. e4 c5 2. Nf3 Nc6 3. d4 cxd4 4. Nxd4 g6 5. c4 Nf6 6. Nc3 d6 7. Be2 Nxd4 8. Qxd4 Bg7 9. Be3 0-0 10. Qd2 Ng4 11. Bxg4 Bxg4 12. Bh6 Be6 13. Bxg7 Kxg7 14. 0-0 Rc8 15. b3 Qa5 16. Rfe1 a6 17. Qd4+ f6 18. Nd5 Rfe8 19. Qb6 Qxb6 20. Nxb6 Rc6 21. Nd5 Bxd5 22. exd5 Rc7 23. f4 Kf7 24. Kf2 Rec8 25. Re4 Rc5 26. Ke3 b5 27. Kd3 bxc4+ 28. bxc4 Rb8 29. Kc3 Rbc8 30. Kd3 Rb8 31. Kc3 Rbc8 32. Kd3 1/2-1/2

[Event "GRE-ch U18 Girls"]
[Site "Kavala"]
[Date "2015.01.05"]
[Round "6"]
[White "Salahidou, Reveka"]
[Black "Kokkota, Fotini"]
[Result "0-1"]
[WhiteElo "1753"]
[BlackElo "1649"]
[PlyCount "118"]
[EventDate "2015.01.02"]
[EventType "swiss"]
[EventRounds "9"]
[EventCountry "GRE"]
[SourceTitle "EXT 2024"]
[Source "ChessBase"]
[SourceDate "2023.10.10"]
[SourceVersion "1"]
[SourceVersionDate "2023.10.10"]
[SourceQuality "1"]

1. e4 e5 2. Nf3 Nc6 3. Bb5 a6 4. Ba4 Nf6 5. d3 b5 6. Bb3 Be7 7. 0-0 0-0 8. Nbd2 d6 9. c3 Na5 10. Bc2 c5 11. a4 Bb7 12. Re1 Re8 13. Nf1 h6 14. Ng3 Bf8 15. Nf5 Kh7 16. Qd2 Nc6 17. axb5 axb5 18. Rxa8 Bxa8 19. Bb3 Qd7 20. N3h4 Ng8 21. g3 Na5 22. Bd1 g6 23. Ne3 Nf6 24. c4 b4 25. Nhg2 Nc6 26. Rf1 Bg7 27. f4 Nd4 28. f5 g5 29. h4 Ng8 30. f6 Nxf6 31. Nf5 Nxf5 32. Bg4 Nxg4 33. Rxf5 gxh4 34. Nxh4 Qe6 35. Rh5 Bc6 36. Qe2 Bd7 37. Rf5 Nf6 38. Qf1 Rf8 39. Kg2 Qe7 40. Rf2 Ng4 41. Rf3 Bf6 42. Nf5 Bxf5 43. Rxf5 Kg6 44. Qh1 Bg5 45. Kh3 Bxc1 46. Qxc1 h5 47. Qd1 Rh8 48. Qf3 Rh6 49. Kg2 Kg7 50. Qe2 Qe6 51. Kg1 Qg6 52. Qd2 f6 53. b3 h4 54. Rf3 hxg3 55. Rxg3 Qh5 56. Qg2 Rg6 57. Qd2 Nh6 58. Rxg6+ Qxg6+ 59. Kf1 Qg3 0-1

[Event "GRE-ch U18 Girls"]
[Site "Kavala"]
[Date "2015.01.02"]
[Round "1"]
[White "Kokkota, Fotini"]
[Black "Pramateftaki, Aspasia"]
[Result "1-0"]
[WhiteElo "1649"]
[BlackElo "1364"]
[PlyCount "159"]
[EventDate "2015.01.02"]
[EventType "swiss"]
[EventRounds "9"]
[EventCountry "GRE"]
[SourceTitle "EXT 2024"]
[Source "ChessBase"]
[SourceDate "2023.10.10"]
[SourceVersion "1"]
[SourceVersionDate "2023.10.10"]
[SourceQuality "1"]

1. e4 c5 2. Nf3 Nc6 3. d4 cxd4 4. Nxd4 g6 5. c4 Bg7 6. Be3 Nf6 7. Nc3 0-0 8. Be2 b6 9. 0-0 Bb7 10. f3 Rc8 11. Qd2 Ne5 12. b3 Re8 13. Rac1 Qc7 14. Ndb5 Qb8 15. Kh1 Bc6 16. Qd1 Bxb5 17. Nxb5 Qb7 18. f4 Nc6 19. Bf3 d6 20. Nc3 Red8 21. Qe1 e5 22. f5 Nd7 23. fxg6 fxg6 24. Bg4 Rf8 25. Be6+ Kh8 26. Qh4 Rxf1+ 27. Rxf1 Rf8 28. Rxf8+ Nxf8 29. Bd5 Qd7 30. Bxc6 Qxc6 31. Nd5 Qd7 32. Bg5 Qf7 33. h3 Nd7 34. Be7 Bf8 35. Bf6+ Nxf6 36. Qxf6+ Qxf6 37. Nxf6 Kg7 38. Nd5 Kh6 39. Kg1 Kg5 40. g3 h5 41. h4+ Kh6 42. Kf2 g5 43. hxg5+ Kxg5 44. Kf3 h4 45. gxh4+ Kxh4 46. b4 Bh6 47. b5 Bd2 48. Ne7 Bb4 49. Nc6 Bc5 50. Nxa7 Kg5 51. Nc6 Kh4 52. a4 Kg5 53. a5 bxa5 54. Nxa5 Bb6 55. Nb3 Bc7 56. c5 dxc5 57. Nxc5 Kf6 58. Ke3 Ke7 59. Kd3 Bb6 60. Kc4 Kd6 61. Nd3 Ke6 62. Nb4 Kd6 63. Nd5 Ba7 64. b6 Bb8 65. Kb5 Kd7 66. b7 Kd6 67. Kb6 Kd7 68. Nb4 Bc7+ 69. Ka7 Kd6 70. b8Q Bxb8+ 71. Kxb8 Kc5 72. Nd5 Kd6 73. Kb7 Kd7 74. Kb6 Kd6 75. Kb5 Kd7 76. Kc5 Ke6 77. Kc6 Kf7 78. Kd6 Ke8 79. Kxe5 Kf7 80. Kd6 1-0

[Event "GRE-chT 42nd"]
[Site "Porto Rio"]
[Date "2014.06.29"]
[Round "3.7"]
[White "Hrysogelou, Athanasia Panagiota"]
[Black "Kokkota, Fotini"]
[Result "1/2-1/2"]
[WhiteElo "1488"]
[BlackElo "1564"]
[PlyCount "89"]
[EventDate "2014.06.28"]
[EventType "team-swiss"]
[EventRounds "7"]
[EventCountry "GRE"]
[SourceTitle "CBM 161 Extra"]
[Source "ChessBase"]
[SourceDate "2014.08.29"]
[SourceVersion "1"]
[SourceVersionDate "2014.08.29"]
[SourceQuality "1"]
[WhiteTeam "Peristeriou CP"]
[BlackTeam "Korinthias Argonaftis"]
[WhiteTeamCountry "GRE"]
[BlackTeamCountry "GRE"]

1. e4 c5 2. Nf3 d6 3. d4 cxd4 4. Nxd4 Nf6 5. Nc3 a6 6. Bg5 Nbd7 7. f4 Qc7 8. Qf3 g6 9. 0-0-0 Bg7 10. h3 b5 11. g4 b4 12. Nd5 Nxd5 13. exd5 Bb7 14. Bg2 Nb6 15. Qb3 0-0 16. f5 Rac8 17. Ne2 Nc4 18. f6 exf6 19. Bf4 a5 20. Nd4 Ne5 21. Be3 Ba6 22. Bf1 Nc4 23. Bf2 Bh6+ 24. Kb1 Rfe8 25. Nc6 Be3 26. Bxc4 Bxc4 27. Qxc4 Bxf2 28. Qd3 Qb6 29. Rhf1 Bh4 30. Qd2 Bg5 31. Qg2 a4 32. Qg3 Qc5 33. h4 Re2 34. Qd3 Re3 35. Qa6 Bxh4 36. Qxc8+ Kg7 37. Qa6 a3 38. Qa5 Qxa5 39. Nxa5 axb2 40. Kxb2 Bg3 41. Nc4 Re4 42. Nd2 Rxg4 43. Nf3 h5 44. Rg1 f5 45. Kb1 1/2-1/2

[Event "GRE-chT 42nd"]
[Site "Porto Rio"]
[Date "2014.06.28"]
[Round "1.7"]
[White "Vitsaxaki, Iris"]
[Black "Kokkota, Fotini"]
[Result "0-1"]
[WhiteElo "1042"]
[BlackElo "1564"]
[PlyCount "92"]
[EventDate "2014.06.28"]
[EventType "team-swiss"]
[EventRounds "7"]
[EventCountry "GRE"]
[SourceTitle "CBM 161 Extra"]
[Source "ChessBase"]
[SourceDate "2014.08.29"]
[SourceVersion "1"]
[SourceVersionDate "2014.08.29"]
[SourceQuality "1"]
[WhiteTeam "OFI"]
[BlackTeam "Korinthias Argonaftis"]
[WhiteTeamCountry "GRE"]
[BlackTeamCountry "GRE"]

1. d4 Nf6 2. c4 e6 3. Bf4 b6 4. Nc3 Bb7 5. f3 Nh5 6. Qd2 Nxf4 7. Qxf4 d5 8. cxd5 exd5 9. Nb5 Bb4+ 10. Kd1 Bd6 11. Nxd6+ cxd6 12. Rc1 Nc6 13. e3 0-0 14. Bd3 Nb4 15. Bb1 Qe7 16. Nh3 Rac8 17. Kd2 h6 18. a3 Nc6 19. Qf5 g6 20. Qxd5 Na5 21. Qa2 d5 22. Bd3 Rfe8 23. Rhe1 Rxc1 24. Kxc1 Qc7+ 25. Kd2 Qxh2 26. Re2 Qd6 27. b4 Nc6 28. Nf4 Ne7 29. g4 Kg7 30. Qc2 Rc8 31. Qa4 Qc7 32. Ke1 Bc6 33. Qc2 Qd7 34. Rh2 Bb5 35. Qd2 Bxd3 36. Qxd3 Qc7 37. Rd2 Qc1+ 38. Rd1 Qb2 39. Rd2 Rc1+ 40. Rd1 Rc3 41. Rb1 Qxa3 42. Qd2 Rxe3+ 43. Kf2 Rxf3+ 44. Ke1 Rg3 45. Qb2 Qe3+ 46. Qe2 Rg1# 0-1

[Event "Petroupoli ASOP Dias Seniors op"]
[Site "Petroupoli"]
[Date "2013.02.16"]
[Round "5.5"]
[White "Giannoulis, Dionisios"]
[Black "Kokkota, Fotini"]
[Result "1-0"]
[WhiteElo "1714"]
[BlackElo "1418"]
[PlyCount "43"]
[EventDate "2013.01.19"]
[EventType "swiss"]
[EventRounds "7"]
[EventCountry "GRE"]
[SourceTitle "EXT 2024"]
[Source "ChessBase"]
[SourceDate "2023.10.10"]
[SourceVersion "1"]
[SourceVersionDate "2023.10.10"]
[SourceQuality "1"]

1. e4 c5 2. Nc3 Nc6 3. f4 e6 4. Nf3 g6 5. Bb5 Bg7 6. 0-0 a6 7. Bxc6 bxc6 8. d3 d5 9. Qe1 Qe7 10. Na4 Nf6 11. e5 Nd7 12. Bd2 f6 13. Ba5 Ra7 14. exf6 Bxf6 15. Ne5 Rb7 16. Nxd7 Bxd7 17. Bb6 Qg7 18. Bxc5 Bd4+ 19. Kh1 Bxc5 20. Nxc5 Rxb2 21. Nxe6 Qe7 22. Qc3 1-0

[Event "GRE-chT U16"]
[Site "Patras"]
[Date "2012.12.16"]
[Round "4.6"]
[White "Tsolakidou, Stavroula"]
[Black "Kokkota, Fotini"]
[Result "1-0"]
[WhiteElo "1889"]
[BlackElo "1392"]
[PlyCount "81"]
[EventDate "2012.12.15"]
[EventType "team"]
[EventRounds "5"]
[EventCountry "GRE"]
[SourceTitle "EXT 2020"]
[Source "ChessBase"]
[SourceDate "2019.10.17"]
[SourceVersion "1"]
[SourceVersionDate "2019.10.17"]
[SourceQuality "1"]

1. e4 c5 2. Nf3 e6 3. d4 cxd4 4. Nxd4 Nf6 5. Nc3 Nc6 6. Ndb5 Bb4 7. a3 Bxc3+ 8. Nxc3 d5 9. exd5 exd5 10. Bd3 0-0 11. 0-0 h6 12. Ne2 Bg4 13. f3 Qb6+ 14. Kh1 Be6 15. b4 Ne5 16. Bb2 Nxd3 17. Qxd3 Nd7 18. Nf4 Qd6 19. Qd4 Nf6 20. c4 Rfd8 21. c5 Qf8 22. Qd3 Qe7 23. Bd4 Nh7 24. Rfe1 Nf8 25. Re5 f6 26. Re2 Qf7 27. Rae1 Re8 28. Qb3 Rad8 29. b5 Bd7 30. a4 Rxe2 31. Rxe2 Ne6 32. Nxe6 Bxe6 33. c6 bxc6 34. bxc6 Rc8 35. Qb7 Rc7 36. Qb8+ Kh7 37. Rxe6 Qxe6 38. Qxc7 Qe1+ 39. Bg1 d4 40. Qd7 d3 41. Qxd3+ 1-0

[Event "Petroupoli ASOP Dias Seniors op"]
[Site "Petroupoli"]
[Date "2012.11.24"]
[Round "4.9"]
[White "Kokkota, Fotini"]
[Black "Psoma, Virginia"]
[Result "1-0"]
[WhiteElo "1384"]
[BlackElo "1593"]
[PlyCount "81"]
[EventDate "2012.11.03"]
[EventType "swiss"]
[EventRounds "7"]
[EventCountry "GRE"]
[SourceTitle "EXT 2024"]
[Source "ChessBase"]
[SourceDate "2023.10.10"]
[SourceVersion "1"]
[SourceVersionDate "2023.10.10"]
[SourceQuality "1"]

1. e4 e6 2. d4 d5 3. Nd2 c5 4. c3 cxd4 5. cxd4 dxe4 6. Nxe4 Nc6 7. Nf3 Bb4+ 8. Bd2 Be7 9. Bc3 Nf6 10. Bd3 0-0 11. Qc2 Nd5 12. a3 Nf4 13. 0-0 Nxd3 14. Qxd3 Qd5 15. Rad1 b6 16. Bd2 h6 17. Bf4 Ba6 18. Qxa6 Qxe4 19. Bg3 Bf6 20. Rfe1 Qd5 21. Ne5 Rfd8 22. Nxc6 Qxc6 23. Be5 Be7 24. Qd3 Rd5 25. Qg3 Bf8 26. Rc1 Qb5 27. b4 Rad8 28. Re4 g6 29. Rg4 Bg7 30. Rc7 Rxe5 31. h3 Re1+ 32. Kh2 Qf5 33. Rf4 Qb1 34. Qf3 f5 35. Qb7 Bf8 36. Rh7 Rh1+ 37. Kg3 Qb3+ 38. Rf3 f4+ 39. Kh4 g5+ 40. Kh5 Qxf3+ 41. gxf3 1-0

[Event "Petroupoli ASOP Dias Seniors op"]
[Site "Petroupoli"]
[Date "2012.11.17"]
[Round "3.16"]
[White "Tsavaris, Eleftherios"]
[Black "Kokkota, Fotini"]
[Result "0-1"]
[WhiteElo "1010"]
[BlackElo "1384"]
[PlyCount "76"]
[EventDate "2012.11.03"]
[EventType "swiss"]
[EventRounds "7"]
[EventCountry "GRE"]
[SourceTitle "EXT 2024"]
[Source "ChessBase"]
[SourceDate "2023.10.10"]
[SourceVersion "1"]
[SourceVersionDate "2023.10.10"]
[SourceQuality "1"]

1. d4 Nf6 2. c4 e6 3. Nc3 Bb4 4. Bg5 h6 5. Bh4 Nc6 6. e3 b6 7. Bd3 Bb7 8. Nge2 Na5 9. 0-0 0-0 10. a3 Be7 11. b4 Nc6 12. Bg3 d6 13. b5 Nb8 14. a4 Nbd7 15. a5 e5 16. d5 Nc5 17. a6 Bc8 18. f3 Nh5 19. f4 exf4 20. exf4 Nxg3 21. Nxg3 Bf6 22. Rc1 Bd4+ 23. Kh1 Be3 24. Rc2 Qh4 25. Nce2 Bg4 26. f5 Bxe2 27. Bxe2 Bf4 28. Rc3 Ne4 29. Rb3 Nxg3+ 30. Rxg3 Bxg3 31. h3 Rfe8 32. Qd2 Re5 33. Bd1 Rae8 34. Qd3 Re1 35. Kg1 Rxf1+ 36. Qxf1 Re1 37. Qxe1 Bxe1 38. Kf1 Qf2# 0-1

[Event "Petroupoli ASOP Dias Seniors op"]
[Site "Petroupoli"]
[Date "2012.11.10"]
[Round "2.9"]
[White "Kokkota, Fotini"]
[Black "Stavropoulos, Konstantinos"]
[Result "0-1"]
[WhiteElo "1384"]
[BlackElo "1576"]
[PlyCount "54"]
[EventDate "2012.11.03"]
[EventType "swiss"]
[EventRounds "7"]
[EventCountry "GRE"]
[SourceTitle "EXT 2024"]
[Source "ChessBase"]
[SourceDate "2023.10.10"]
[SourceVersion "1"]
[SourceVersionDate "2023.10.10"]
[SourceQuality "1"]

1. e4 c5 2. Nf3 e6 3. d4 cxd4 4. Nxd4 a6 5. Nc3 b5 6. Be3 Bb7 7. Bd3 d6 8. Qd2 Nd7 9. f4 Ngf6 10. Nde2 Nb6 11. Bxb6 Qxb6 12. 0-0-0 b4 13. Na4 Qa5 14. b3 Nxe4 15. Bxe4 Bxe4 16. a3 d5 17. axb4 Bxb4 18. Qd4 Rc8 19. c3 0-0 20. Kd2 Bc5 21. Nxc5 Qxc5 22. Qxc5 Rxc5 23. Rhg1 a5 24. b4 axb4 25. cxb4 Rb5 26. Kc3 Rc8+ 27. Kb2 Bc2 0-1